01231nam a22003014a 4500001001200000003000800012006001900020007001500039008004100054010001700095020002200112040002100134035002000155050002600175082001700201245011300218260007000331300002300401504006400424533015200488650004200640650002900682650001900711655002900730700002700759710001700786856012600803ebr10006795CaPaEBRm u cr cn|||||||||001109s2001 enka sb 001 0 eng  z 00065170  z0521799627 (pbk.) aCaPaEBRcCaPaEBR a(OCoLC)5129691814aR853.S94bS945 2001eb04a610/.7/222100aSystematic reviews in health careh[electronic resource] :ba practical guide /cPaul Glasziou ... [et al.]. aCambridge, U.K. ;aNew York :bCambridge University Press,c2001. aix, 137 p. :bill. aIncludes bibliographical references (p. 127-131) and index. aElectronic reproduction.bPalo Alto, Calif. :cebrary,d2013.nAvailable via World Wide Web.nAccess may be limited to ebrary affiliated libraries. 0aSystematic reviews (Medical research) 0aEvidence-based medicine. 0aMeta-analysis. 7aElectronic books.2local1 aGlasziou, Paul,d1954-2 aebrary, Inc.40uhttp://site.ebrary.com/lib/rucke/Doc?id=10006795zAn electronic book accessible through the World Wide Web; click to view